| 000 | 00532nam a2200169Ia 4500 | ||
|---|---|---|---|
| 003 | GCL | ||
| 008 | 140319s9999 xx 000 0 ara d | ||
| 040 |
_aGCL / _cGCL |
||
| 082 | 0 | 4 |
_a410 _bع ف |
| 100 | 1 | _aعبدالصبور شاهين | |
| 245 | 1 | 0 |
_aفى التطور اللغوى / _cعبدالصبور شاهين |
| 260 |
_a[S.N] : _bمكتبة الشباب ، _c1990 |
||
| 300 | _a250 ص | ||
| 490 |
_aالسلسلة الشعرية الثانية _v0 |
||
| 650 | 0 | 4 | _aاللغة العربية - تاريخ |
| 942 |
_2ddc _cBK |
||
| 999 |
_c40316 _d40316 |
||